000 00326nam a22001337a 4500
008 180116b xxu||||| |||| 00| 0 eng d
020 _a9780794510596
041 _aeng
080 _a030
100 _a23
101 _aENC
245 _aThe usborne encyclopedia of world religions
_cMeredith,S
942 _2udc
_cBK
999 _c40375
_d40375